Obálka Náhled e-knihy:
PDF Epub
Pro půjčování e-knih musíte být přihlášeni.
Jak si půjčit online?

Tajemství jeskyně pokladů /

Dobrodružný příběh kamarádů, kteří pátrají po dávno zapomenutém pokladu.

Uloženo v:
Série:Dobrodružství z Klárova, část 1
Hlavní autor: Šlik, Petr Hugo, 1976- (Autor)
Další autoři: Morkes, Petr, 1973- (Autor)
Médium: E-kniha
Jazyk:Czech
Vydáno: V Praze : Albatros, 2020
Vydání:2. vydání
Témata:
Příbuzné jednotky:Z cyklu:: Dobrodružství z Klárova
Tagy:
Žádné tagy
LEADER 02438nam a2200481 i 4500
001 311147
003 CZ PrSKC
005 20260601215700.0
007 ta
008 200309s2020 xr a c 000 j cze
015 |a cnb003178914 
020 |a 9788000058153  |q (vázáno) :  |c Kč 269,00 
035 |a (OCoLC)1200249019 
040 |a ABG001  |b cze  |e rda 
072 7 |a 821.162.3-3  |x Česká próza  |2 Konspekt 
072 7 |a 821-93  |x Literatura pro děti a mládež (beletrie)  |2 Konspekt 
080 |a 821.162.3-32  |2 MRF 
080 |a 821-93  |2 MRF 
080 |a (0:82-321.3)  |2 MRF 
100 1 |a Šlik, Petr Hugo,  |d 1976-  |7 xx0086800  |4 aut 
245 1 0 |a Tajemství jeskyně pokladů /  |c Petr Hugo Šlik ; ilustroval Petr Morkes 
250 |a 2. vydání 
264 1 |a V Praze :  |b Albatros,  |c 2020 
300 |a 146 stran :  |b ilustrace (některé barevné) ;  |c 22 cm 
336 |a text  |b txt  |2 rdacontent 
337 |a bez média  |b n  |2 rdamedia 
338 |a svazek  |b nc  |2 rdacarrier 
520 2 |a Dobrodružný příběh kamarádů, kteří pátrají po dávno zapomenutém pokladu.  |b Vojta s Jindrou jsou přátelé na život a na smrt. Když spolu objeví tajemný vzkaz a najdou ukrytý sešit s popisem cesty do jeskyně pokladů, vydají se okamžitě najít ten záhadný poklad. Co si asi tak za něj koupí? Ale s pokladem je to trochu jinak... dvanáctiletí průzkumníci nakonec musí bojovat o holý život. Nakladatelská anotace. Kráceno. 
521 8 |a Pro čtenáře od 10 let 
655 7 |a české příběhy  |7 fd133973  |2 czenas 
655 7 |a dobrodružné příběhy  |7 fd132060  |2 czenas 
655 7 |a publikace pro děti  |7 fd133156  |2 czenas 
655 9 |a Czech stories  |2 eczenas 
655 9 |a adventure stories  |2 eczenas 
655 9 |a children's literature  |2 eczenas 
700 1 |a Morkes, Petr,  |d 1973-  |7 xx0028602  |4 ill 
787 0 8 |i Z cyklu:  |t Dobrodružství z Klárova  |g 1 
900 |a ABA001  |b 21 
928 9 |a Albatros Media - Albatros 
044 |a xr 
910 |a RBIT002 
998 |d 204934  |a https://core.palmknihy.cz/api/books/204934/cover?t3y0yd  |b https://core.palmknihy.cz/api/books/204934/cover/400?t3y0yd  |c https://core.palmknihy.cz/api/books/204934/cover/50?t3y0yd  |e 2031-12-31  |g 152  |i 9788000058153  |j https://core.palmknihy.cz/api/books/204934/preview.epub  |k https://core.palmknihy.cz/api/books/204934/preview.pdf  |l   |q 49  |r 1  |s https://www.palmknihy.cz/kniha/204934  |t ebook  |y 2020  |z 0  |v Dobrodružství z Klárova  |w 1 
999 |d 311145